000 03142nam a22004092u 4500
001 17886
003 BD-RjUL
005 20211209000216.0
008 140219s1983 xxu ||| b ||| | eng d
035 _a(BD-RjUL)17944
040 _aericd
_beng
_cericd
_dMvI
_dBD-RjUL
041 _aeng
082 _a808.02
_bBOH 1983
091 _amfm
100 1 _aBode, Carl.
_955155
245 1 0 _aHighlights of American Literature /
_cCarl Bode.
260 _aWashington :
_bU.S. Information Agency,
_c1983
300 _a288 p. ;
_c26 cm.
500 _aERIC Note: "First published 1981; this edition reprinted 1995.".
_5ericd
520 _aIntended for high-intermediate/advanced level students of English as a foreign language, this book contains selections from the wide range of American literature, from its beginnings to the modern period. Each section begins with a general introduction to the literary period, and then presents essays about individual authors, selections from the author's writings, discussion questions at the end of each prose selection or group of poems, and discussion questions at the end of each chapter. The "National Beginnings" section discusses Benjamin Franklin, Washington Irving, James Fenimore Cooper, Philip Freneau, William Cullen Bryant, Edgar Allan Poe, and Nathaniel Hawthorne. The "Romanticism and Reason" section discusses Ralph Waldo Emerson, Henry David Thoreau, Herman Melville, Henry Wadsworth Longfellow, Walt Whitman, Emily Dickinson, Mark Twain, Stephen Crane, and Henry James. "The American Short Story: 19th Century Developments" section discusses Ambrose Bierce, Stephen Crane, Edgar Allan Poe, and Frank R. Stockton. The "Realism and Reaction" section discusses Theodore Dreiser, Edwin Arlington Robinson, Carl Sandburg, Sinclair Lewis, Henry L. Mencken, F. Scott Fitzgerald, and John Steinbeck. The "Modern Voices in Prose and Poetry" section discusses Ernest Hemingway, William Faulkner, Robert Frost, Archibald Macleish, William Carlos Williams, Langston Hughes, Katherine Ann Porter, Saul Bellow, Ralph Ellison, Robert Lowell, Theodore Roethke, Randall Jarrell, and James Wright. The "Modern American Drama" section presents two short plays: "Return to Dust" (George Bamber) and "The Other Player" (Owen G. Arno). Suggestions to the teacher conclude the book. (RS)
650 1 7 _aAuthors.
_2ericd
_955200
650 0 7 _aDiscussion (Teaching Technique)
_2ericd
_955157
650 0 7 _aEnglish (Second Language)
_2ericd
_930631
650 0 7 _aLiterary History.
_2ericd
_955158
650 0 7 _aLiterary Styles.
_2ericd
_955159
650 1 7 _aNovels.
_2ericd
_955160
650 1 7 _aPoetry.
_2ericd
_955201
650 0 7 _aQuestioning Techniques.
_2ericd
_955162
650 1 7 _aReading Materials.
_2ericd
_955163
650 0 7 _aSecondary Education.
_2ericd
_955164
650 1 7 _aUnited States Literature.
_2ericd
_955165
653 0 _aHistorical Background
655 7 _aGuides, Classroom
_xLearner.
_2ericd
_955166
655 7 _aGuides, Classroom
_xTeacher.
_2ericd
_930642
710 2 _aUnited States Information Agency, Washington, DC. Bureau of Educational and Cultural Affairs.
_955167
942 _2ddc
_cBK
999 _c17886
_d17886